Fundamentals of physics extended
Gespeichert in:
| 1. Verfasser: | |
|---|---|
| Format: | Buch |
| Sprache: | Undetermined |
| Veröffentlicht: |
New York
John Wiley
1997
|
| Schlagworte: | |
| Tags: |
Tag hinzufügen
Keine Tags, Fügen Sie den ersten Tag hinzu!
|
| Thư viện lưu trữ: | Trung tâm Học liệu Trường Đại học Cần Thơ |
|---|
| LEADER | 00492nam a2200181Ia 4500 | ||
|---|---|---|---|
| 001 | CTU_18981 | ||
| 008 | 210402s9999 xx 000 0 und d | ||
| 082 | |a 530 | ||
| 082 | |b H188 | ||
| 100 | |a Robert Resnick | ||
| 245 | 0 | |a Fundamentals of physics extended | |
| 245 | 0 | |c Robert Resnick, David Halliday, Jearl Walker | |
| 260 | |a New York | ||
| 260 | |b John Wiley | ||
| 260 | |c 1997 | ||
| 650 | |a physics | ||
| 904 | |i Minh, 971004 | ||
| 980 | |a Trung tâm Học liệu Trường Đại học Cần Thơ | ||